Социальные коммуникации учебное пособие по дисциплине «социальные коммуникации» по направлению подготовки «42.03.01 реклама и связи с общественностью» дневной и заочной формы обучения
Учебное пособие «Социальные коммуникации» позволяет студентам сформировать представление об особенностях социальных коммуникаций, их месте, роли и значении в профессиональном становлении специалиста по рекламе и связям с общественностью....
Сохранить в:
| 主要作者: | |
|---|---|
| 格式: | Книга |
| 語言: | Russian |
| 出版: |
Самара
ПГУТИ
2022
|
| 在線閱讀: | https://e.lanbook.com/book/411575 https://e.lanbook.com/img/cover/book/411575.jpg |
| 標簽: |
添加標簽
沒有標簽, 成為第一個標記此記錄!
|
| LEADER | 01621nam0a2200253 i 4500 | ||
|---|---|---|---|
| 001 | 411575 | ||
| 003 | RuSpLAN | ||
| 005 | 20240520165113.0 | ||
| 008 | 240520s2022 ru gs 000 0 rus | ||
| 040 | |a RuSpLAN | ||
| 041 | 0 | |a rus | |
| 044 | |a ru | ||
| 080 | |a 659.4:316.6(075.8) | ||
| 245 | 0 | 0 | |a Социальные коммуникации |b учебное пособие по дисциплине «социальные коммуникации» по направлению подготовки «42.03.01 реклама и связи с общественностью» дневной и заочной формы обучения |c Жесткова Н. А. |
| 260 | |a Самара |b ПГУТИ |c 2022 | ||
| 300 | |a 107 с. | ||
| 504 | |a Библиогр.: доступна в карточке книги, на сайте ЭБС Лань | ||
| 520 | 8 | |a Учебное пособие «Социальные коммуникации» позволяет студентам сформировать представление об особенностях социальных коммуникаций, их месте, роли и значении в профессиональном становлении специалиста по рекламе и связям с общественностью. | |
| 521 | 8 | |a Книга из коллекции ПГУТИ - Психология. Педагогика | |
| 521 | 8 | |a СЭБ | |
| 100 | 1 | |a Жесткова Н. А. | |
| 856 | 4 | |u https://e.lanbook.com/book/411575 | |
| 856 | 4 | 8 | |u https://e.lanbook.com/img/cover/book/411575.jpg |
| 953 | |a https://e.lanbook.com/img/cover/book/411575.jpg | ||